=LDR 00000nam 2200000 4500 =001 INLIS000000000049434 =005 20200218025846 =035 ##$$a 0010-021700000000226 =008 200218###########################0###### =020 ##$$a 978-979-461-339-9 =040 ##$$a NBPDMAT =082 ##$$a 091 =090 ##$$a 091 $bBos b =245 ##$$a Bo' Sangaji Kai : $b : Catatan kerajaan Bima /$c / Disunting oleh Henri Chambert-Loir; Siri Maryam R. Salahuddin =250 ##$$a Cet. 2 =260 ##$$a Jakarta :$b Obor Indonesia,$c 2012 =300 ##$$a Lxviii, 632 hlm. : $b ilus. ; $c 24 cm =650 #4$$a Manuskrip =700 #$$a Henri Chambert-Lior =700 #$$a Siti Maryam R. Salahuddin =850 ##$$a NBPDMAT =990 ##$$a 20616456 =990 ##$$a 04810481 =990 ##$$a 04810481 =990 ##$$a 04810481 =990 ##$$a 04810481 =990 ##$$a 04810481 =990 ##$$a 95/46/2000 =990 ##$$a 20616456 =990 ##$$a 7202001217 =990 ##$$a 7202001218 =990 ##$$a 7202001219 =990 ##$$a 7202001220 =990 ##$$a 95/39/2000 =990 ##$$a 20616456 =990 ##$$a 7202001217 =990 ##$$a 7202001218 =990 ##$$a 7202001219 =990 ##$$a 95/46/2000 =990 ##$$a 95/39/2000 =990 ##$$a 20616456 =990 ##$$a 7202001217 =990 ##$$a 7202001218 =990 ##$$a 95/39/2000 =990 ##$$a 95/46/2000 =990 ##$$a 95/39/2000 =990 ##$$a 20616456 =990 ##$$a 7202001217 =990 ##$$a 95/39/2000 =990 ##$$a 95/39/2000 =990 ##$$a 95/46/2000 =990 ##$$a 95/39/2000 =990 ##$$a 7202001217 =990 ##$$a 95/39/2000 =990 ##$$a 95/39/2000 =990 ##$$a 95/39/2000 =990 ##$$a 95/46/2000 =990 ##$$a 95/39/2000 =990 ##$$a 95/39/2000 =990 ##$$a 7202001217 =990 ##$$a 95/39/2000 =990 ##$$a 95/39/2000 =990 ##$$a 95/39/2000